000
00335nam a2200157Ia 4500
003
OSt
005
20240101093911.0
008
170524s9999 xx 000 0 und d
020
_a
9788177585681
040
_c
IIMTU
100
_a
Weste Neil HE
245
0
_a
CMOS VLSI Design
260
_b
Pearson
260
_c
2008
942
_c
02
_2
ddc
999
_c
5070
_d
5070